• 首页
  • 本馆介绍
  • 公告通知
  • 最新文献
  • 馆藏检索
  • 电子资源
  • 读者导购
  • 参考咨询
  • 我的图书馆
  • 登录
  • 详细信息显示
  • 放入我的书架
  • 预约/预借图书
  • 作者相关作品
  • 分类相关作品
  • 丛书相关作品
  • 出版社相关作品

书目信息

  • 表格格式
  • 工作单格式
  • 卡片格式
题名:
Java EE基础实用教程
    
 
作者: 郑阿奇 主编
分册:  
出版信息: 北京   电子工业出版社  2014.12
页数: 377页
开本: 26cm
丛书名:
单 册:
中图分类: TP312JA-43
科图分类:
主题词: Java语言--程序设计--高等学校--教材
电子资源:
ISBN: 978-7-121-25206-8
000 01323nam0 2200253 450
001 0400001941
005 20171026083343.95
010    @a978-7-121-25206-8@dCNY49.00
100    @a20151327e20172014em y0chiy50 ea
101 0  @achi
102    @aCN@b110000
105    @ay z 000yy
106    @ar
200 1  @aJava EE基础实用教程@9Java EE ji chu shi yong jiao cheng@f郑阿奇主编
205    @a第2版
210    @a北京@c电子工业出版社@d2014.12@h2017.1
215    @a377页@d26cm
300    @a高等学校计算机教材
330    @a本书根据近年来的教学和开发实践,在第1版的基础上进行系统调整、修改和完善。主要包含实用教程、实验指导和综合应用实习三部分。教程系统介绍JavaEE平台及开发基础、JavaWeb开发基础、Struts 2基础、Hibernate基础、MVC框架开发基础、Spring基础及应用、Java EE多框架整合开发实战、Ajax初步。教程11个主要实例前后呼应,在比较中区分、强化,特别适合初学者学习。通过综合案例,对采用不同解决问题的方法进行比较,更有利于理解。通过实验进行系统训练,能够提高读者解决问题的能力。有些章节有小综合,在介绍三个重要框架之后有一个大综合,综合应用实习部分从模块开发的角度介绍网上购书系统。附录给出了实例所用数据库案例资料和Java EE开发的基本操作。
606 0  @aJava语言@x程序设计@x高等学校@j教材
690    @aTP312JA-43@v5
701  0 @a郑阿奇@9Zheng A Qi@4主编
801  0 @aCN@b91MARC@c20171019
905    @b1031040-4@dTP312JA-43@f5@e1155=2
    
    Java EE基础实用教程/郑阿奇主编.-第2版.-北京:电子工业出版社,2014.12(2017.1)
    377页;26cm
    高等学校计算机教材
    
    ISBN 978-7-121-25206-8:CNY49.00
    本书根据近年来的教学和开发实践,在第1版的基础上进行系统调整、修改和完善。主要包含实用教程、实验指导和综合应用实习三部分。教程系统介绍JavaEE平台及开发基础、JavaWeb开发基础、Struts 2基础、Hibernate基础、MVC框架开发基础、Spring基础及应用、Java EE多框架整合开发实战、Ajax初步。教程11个主要实例前后呼应,在比较中区分、强化,特别适合初学者学习。通过综合案例,对采用不同解决问题的方法进行比较,更有利于理解。通过实验进行系统训练,能够提高读者解决问题的能力。有些章节有小综合,在介绍三个重要框架之后有一个大综合,综合应用实习部分从模块开发的角度介绍网上购书系统。附录给出了实例所用数据库案例资料和Java EE开发的基本操作。
●
相关链接 在E读中查询图书 在五车中查询图书 在当当中查询图书 在豆瓣中查询图书


正题名:Java EE基础实用教程     索取号:TP312JA-43/1155=2         预约/预借

序号 登录号 条形码 馆藏地/架位号 状态 备注
1 1031040   210310402   第二样本阅览室/ [索取号:TP312JA-43/1155=2] 在馆    
2 1031041   210310411   密集书库—计算机科学学院/ [索取号:TP312JA-43/1155=2] 在馆    
3 1031042   210310420   第三借阅区/ [索取号:TP312JA-43/1155=2] 在馆    
4 1031043   210310439   第三借阅区/ [索取号:TP312JA-43/1155=2] 在馆    
5 1031044   210310448   第三借阅区/ [索取号:TP312JA-43/1155=2] 在馆    
唐山师范学院图书馆 欢迎您!
大连网信软件有限公司© 版权所有